01032nam a2200253 a 450000100100000000500170001000800410002704000250006808200230009310000310011624500560014725000110020326000580021430000270027250000740029959000260037350400310039965000230043065000280045391000360048195201200051795201260063799900150076300000710020260211085656.0090904d1978 dr a 000 0 spa d aDO-SdBNPbspacBNPHU a371.1bM828d, 19781 aMorales, Alfredo A.91685113aEl desafío de ser educador /cAlfredo A. Morales. a2a ed. aSantiago de los Caballeros :bAmigo del Hogar,c1978. a112 p. :bil ;c22 cm. aIncluye referenciasa bibliográficas y notas al pie de las páginas aInventariado, 2018/VM aBibliografía: p. 211-213 0aEducación951588 0aPersonal docente916852 aValidado. Conrol de calidad MFF 0010718PDaPDbPDcHDd2009-09-04iLF1l0o371.1 M828d, 1978p7100-10r2020-06-25w2020-06-25yLFPDZNo se presta 0010718PDaPDbPDcHDd2009-09-04iLF1l0o371.1 M828d, 1978p7100-20r2020-06-25te. 2w2020-06-25yLFPDZNo se presta c6881d6881